000 01431cam a2200241 4500
001 ABS63714
008 000000n2001 000 0 eng u
035 _a(Sirsi) u111534
100 _aJohns, M.
245 _aAccess becomes a thing of value
260 _c2001
490 _aEstates Gazette
_v(0111) 17 March 2001, 156-157(2)
520 _aGovernment has set some challenging targets for the public sector as part of its attempts to ensure the UK becomes a world leader in e-commerce. For instance, by 2002 50% of all central and local government services should be available to the public electronically. Looks at the considerable advances made by the Valuation Office Agency (VOA) in its use of electronic information delivery. For instance, in January 2000 the VOA published rating lists for the 2000 revaluation on the internet. In a second key advance, it allowed businesses to make appeals via its website. All caseworkers can now also be contacted via e-mail. Describes the links the VOA has established with the Valuation Tribunal service, and its plans to improve these. Also describes current projects and plans for the future.
590 _aABS
650 _aVALUATION OFFICE AGENCY
650 _aE-COMMERCE
650 _aVALUATION TRIBUNAL SERVICE
650 _aMODERNISATION
650 _aRATING SYSTEM
650 _aValuation
_96273
690 _aINFORMATION TECHNOLOGY-INTERNET
942 _n0
999 _c66469
_d66469